Forma valor y forma comunidad (Registro nro. 6901)

Detalles MARC
000 -LEADER
fixed length control field 01627 a2200229 4500
001 - CONTROL NUMBER
control field 60330
005 - DATE AND TIME OF LATEST TRANSACTION
control field 20260407155853.0
008 - FIXED-LENGTH DATA ELEMENTS--GENERAL INFORMATION
fixed length control field 260407a2010 arg spa d
003 - CONTROL NUMBER IDENTIFIER
control field AR-UNSa-BCEJYS
040 ## - CATALOGING SOURCE
Original cataloging agency AR-UNSa-BCEJYS
Language of cataloging spa
Transcribing agency AR-UNSa-BCEJYS
080 ## - UNIVERSAL DECIMAL CLASSIFICATION NUMBER
Universal Decimal Classification number 330.14
Common auxiliary subdivision Capital
020 ## - INTERNATIONAL STANDARD BOOK NUMBER
International Standard Book Number 978-987-574-464-6
041 ## - LANGUAGE CODE
Language code of text/sound track or separate title spa
100 1# - MAIN ENTRY--PERSONAL NAME
Personal name Garcia Linera, Álvaro
245 10 - TITLE STATEMENT
Title Forma valor y forma comunidad
Name of part/section of a work Aproximación teórico-abstracta a los fundamentos civilizatorios que preceden al Ayllu Universal
264 #1 - PRODUCTION, PUBLICATION, DISTRIBUTION, MANUFACTURE, AND COPYRIGHT NOTICE
Place of production, publication, distribution, manufacture Buenos Aires :
Name of producer, publisher, distributor, manufacturer Prometeo Libros
Date of production, publication, distribution, manufacture, or copyright notice 2010
300 ## - PHYSICAL DESCRIPTION
Extent 365 p.
Dimensions 21 cm.
505 ## - FORMATTED CONTENTS NOTE
Formatted contents note 1. La determinación social-natural de toda forma de producción. Valor de uso y su determinación social – 2. La construcción lógico- histórica de la racionalidad mercantil-capitalista. La forma civilizatoria del valor mercantil – 3. La producción del modo capitalista de producción. La forma social del trabajo que engendra la mercancía como forma general del producto de trabajo – 4. El núcleo fundante del desarrollo capitalista: subsunción formal y subsunción real de las fuerzas productivas objetivas, asociativas, subjetivas e intelectivas del ser humano bajo el capital – 5. Consideraciones sobre la nación a partir de la forma del valor – 6. La forma comunidad del proceso de producción. Formas comunales que han precedido al régimen del capital: algunas determinaciones de forma y contenido técnico- organizativo
590 ## - LOCAL NOTE (RLIN)
Local note niveau_biblio:m niveau_hierar:0
856 41 - ELECTRONIC LOCATION AND ACCESS
Uniform Resource Identifier <a href="https://www.biblioeco.unsa.edu.ar/pmb/images/libros/L129079.jpg">https://www.biblioeco.unsa.edu.ar/pmb/images/libros/L129079.jpg</a>
Link text Imagen de portada
Electronic format type image/jpeg
942 ## - ADDED ENTRY ELEMENTS (KOHA)
Koha item type
Existencias
Withdrawn status Lost status Damaged status Not for loan Home library Current library Shelving location Date acquired Total checkouts Full call number Barcode Date last seen Price effective from Koha item type
        Biblioteca Prof. Eusebio Cleto del Rey Biblioteca Prof. Eusebio Cleto del Rey   07/04/2026   330.14 G216 L129079 07/04/2026 07/04/2026 Libro